000 00709nam a2200229Ia 4500
001 16919
003 GE_BSU
008 181216s||||||||xx |||||||||||||| ||und||
040 _cGE_BSU
080 _a821.353.1-32
100 _aდემურხანაშვილი, ს.
245 _aჩვეულებრივი დღე
245 _bმოთხრობები
245 _cრედ.კ.ბობოხიძე
260 _aთბილისი
260 _bსაბჭ. საქართველო
260 _c1962
300 _a115გვ. ; 20სმ.
653 _aმოთხრობები
653 _aჩვეულებრივი დღე
942 _cBK
999 _c49983
_d49983